[Event "SVK-chT1W 0910"]
[Site "Slovakia"]
[Date "2009.10.18"]
[Round "2.2"]
[White "Pszota, Erik"]
[Black "Oprea, Erik"]
[Result "0-1"]
[WhiteElo "1683"]
[BlackElo "2114"]
[PlyCount "41"]
[EventDate "2009.10.17"]
[EventType "team"]
[EventRounds "11"]
[EventCountry "SVK"]
[SourceTitle "EXT 2011"]
[Source "ChessBase"]
[SourceDate "2010.11.26"]
[SourceVersion "1"]
[SourceVersionDate "2010.11.26"]
[SourceQuality "1"]
[WhiteTeam "Galanta"]
[BlackTeam "Bratislava Slovan III"]
[WhiteTeamCountry "SVK"]
[BlackTeamCountry "SVK"]

1. Nf3 g6 2. e4 Bg7 3. Bc4 d6 4. d4 c6 5. Nc3 Qc7 6. Be3 Nf6 7. Qd2 h5 8. Bg5 Nbd7 9. 0-0 b5 10. Bb3 b4 11. Ne2 Nxe4 12. Qxb4 a5 13. Qa4 Nb6 14. Qa3 Nxg5 15. Nxg5 a4 16. c3 axb3 17. Qxb3 Ba6 18. Qc2 Bxe2 19. Qxe2 0-0 20. Rfe1 Bf6 21. Nf3 0-1